| 000 | 00901cam a22003137i 4500 | ||
|---|---|---|---|
| 999 |
_c200435061 _d53273 |
||
| 001 | 200435061 | ||
| 003 | TR-AnTOB | ||
| 005 | 20250708102444.0 | ||
| 007 | ta | ||
| 008 | 190204s2004 xxuo 00| 0 tur d | ||
| 020 | _a9758916033 | ||
| 040 |
_aTR-AnTOB _beng _erda _cTR-AnTOB _dTR-AnTOB |
||
| 041 | 0 | _atur | |
| 050 | 0 | 0 | _aBF632 |
| 090 |
_aBF632 _b.İ655 2004 |
||
| 100 | 1 |
_aİplikçi, Semra _eauthor _9123789 |
|
| 245 | 1 | 0 |
_aPolyanna'ya inat semranna / _cSemra İplikçi. |
| 250 | _a1. baskı : 2004 Ekim | ||
| 264 | 1 |
_aAnkara : _bAkasyakitap, _c2004. |
|
| 300 |
_a166 pages ; _c20 cm |
||
| 336 |
_2rdacontent _atext _btxt |
||
| 337 |
_2rdamedia _aunmediated _bn |
||
| 338 |
_2rdacarrier _avolume _bnc |
||
| 590 | _aDonated by Göktuğ Zeki Türk | ||
| 650 | 0 |
_aKendine yardım teknikleri _956232 |
|
| 650 | 7 |
_aKişisel gelişim _2 _969683 |
|
| 942 |
_2lcc _cBK |
||